000 00708nam a2200241Ia 4500
003 OSt
005 20220928123949.0
006 a|||||r|||| 00| 0
007 ta
008 220927b |||||||| |||| 00| 0 eng d
024 _a40735
037 _cTextual
040 _aSDCL
_cSDCL
_beng
041 _2eng
_aeng
082 _aR:(P), L9
100 _aGellner Ernest
_9425330
245 0 _aWords and things
_b An examination of, and an attack on linguistic philosophy.
260 _aLondon
_bRoutledge & Kegan Paul
_c1979
300 _axv,287p.
_ccm.
700 _a Russel Bertrand
_9442527
942 _hR:(P), L9
_cTEXL
_2CC
999 _c775678
_d775678